Multiple resource inventory and monitoring of tropical forests : Proceedings of the AIM International Conference, held at Seremban, Malaysia, 21-24 November ,1994

Bibliographic Details
Corporate Authors: AIFM International Conference, ASEAN Institute of Forest Management (AIFM)
Other Authors: Chin, Haron Abu Hassan , 1946-, Nasaruddin Rahman
Format: Book
Published: Kuala Lumpur : Asean Institute of Forest Management , 1996
Subjects:

MARC

LEADER 00000cam a2200000 7i4500
001 0000000412
005 20021127.0
020 0 0 |a 9839997718 
090 0 0 |a 634.92   |b AIF 1996 
110 1 0 |a AIFM International Conference   |k 1994   |j Seremban 
245 1 0 |a Multiple resource inventory and monitoring of tropical forests :   |b Proceedings of the AIM International Conference, held at Seremban, Malaysia, 21-24 November ,1994   |c edited by Haron Abu Hassan, Chin Yue Mun & Nasaruddin Rahman 
260 0 0 |a Kuala Lumpur :   |b Asean Institute of Forest Management ,   |c 1996 
300 |a xvi, 450 p. :   |b ill. ;   |c 24 cm. 
650 0 0 |a Database management   |x Congresses 
650 0 0 |a Ecological surveys   |x Congresses 
650 0 0 |a Forest surveys   |x Congresses 
650 0 0 |a Forest surveys   |z Asia, Southeastern   |x Congresses 
650 0 0 |a Rain forests   |x Management   |x Congresses 
650 0 0 |a Vegetation monitoring   |x Congresses 
650 0 0 |a Vegetation surveys   |x Congresses 
700 0 1 |a Chin   |h Yue Mun 
700 0 1 |a Haron Abu Hassan ,   |c 1946- 
700 0 1 |a Nasaruddin Rahman 
710 1 1 |a ASEAN Institute of Forest Management (AIFM) 
998 |a JPSM 
999 |a 0000000720   |b Monograph   |c Open Shelf   |e Default branch 
999 |a 0000000740   |b Monograph   |c Open Shelf   |e Default branch 
999 |a 0000001571   |b Monograph   |c Open Shelf   |e Default branch 
999 |a 0000001827   |b Monograph   |c Open Shelf   |e Default branch 
999 |a 0000003543   |b Monograph   |c Open Shelf   |e Default branch 
999 |a 0000003544   |b Monograph   |c Open Shelf   |e Default branch 
999 |a 0000003545   |b Monograph   |c Open Shelf   |e Default branch